Звичайний вигляд
Перегляд у МАРК
Входження „Personal Name“
Кількість записів, які використовуються: 2
001 - CONTROL NUMBER
- control field: 22968
003 - CONTROL NUMBER IDENTIFIER
- control field: UA-OsUOA
005 - DATE AND TIME OF LATEST TRANSACTION
- control field: 20251212155908.0
008 - FIXED-LENGTH DATA ELEMENTS
- fixed length control field: 251212|| aca||aabn | a|a d
040 ## - CATALOGING SOURCE
- Original cataloging agency: UA-OsUOA
- Transcribing agency: UA-OsUOA
100 ## - HEADING--PERSONAL NAME
- Personal name: Чернышевский Н
670 ## - SOURCE DATA FOUND
- Source citation: Work cat.: (UA-OsUOA)387318: Чернышевский Н., Полное собрание сочинений в пятнадцати томах, 1947